College Entrance Test Reviewer : (Record no. 305448)
[ view plain ]
| 000 -LEADER | |
|---|---|
| fixed length control field | 00463nam a2200181Ia 4500 |
| 008 - FIXED-LENGTH DATA ELEMENTS--GENERAL INFORMATION | |
| fixed length control field | 170203s9999 xx 000 0 und d |
| 020 ## - INTERNATIONAL STANDARD BOOK NUMBER | |
| International Standard Book Number | 9789719912019 |
| 050 ## - LIBRARY OF CONGRESS CALL NUMBER | |
| Classification number | 378.166 |
| 050 ## - LIBRARY OF CONGRESS CALL NUMBER | |
| Item number | .C697 2012 |
| 245 ## - TITLE STATEMENT | |
| Title | College Entrance Test Reviewer : |
| 245 ## - TITLE STATEMENT | |
| Remainder of title | Languages Filipino / |
| 245 ## - TITLE STATEMENT | |
| Statement of responsibility, etc | Loyola Student Center. |
| 260 ## - PUBLICATION, DISTRIBUTION, ETC. (IMPRINT) | |
| Place of publication, distribution, etc | Quezon City : |
| 260 ## - PUBLICATION, DISTRIBUTION, ETC. (IMPRINT) | |
| Name of publisher, distributor, etc | Loyola Heights Student Center |
| 260 ## - PUBLICATION, DISTRIBUTION, ETC. (IMPRINT) | |
| Date of publication, distribution, etc | 2012 |
| 300 ## - PHYSICAL DESCRIPTION | |
| Extent | 48 pages : |
| 300 ## - PHYSICAL DESCRIPTION | |
| Dimensions | 27 cm. |
No items available.